Carta video. 5º B Normal /

Video preparado por los alumnos de 5º B Normal 1992. Escuela: presentación. Participación de los profesores W.Giménez y G.Asteinza. Imágenes de la ciudad, U.N.S., Barrio Inglés, Parque de Mayo, Plaza Rivadavia, Petroquímica.

Guardado en:
Autor Corporativo: Estudiantes ENS.
Formato: Deslizar
Publicado: Bahía Blanca, 1992.
Materias:
Etiquetas: Agregar Etiqueta
Sin Etiquetas, Sea el primero en etiquetar este registro!
LEADER 01003ngm a22002415g 4500
001 CEM.cems022095
008 130507s1992####ag############0###0#####d
005 20241003214814.0
245 0 0 |a Carta video. 5º B Normal /  |c Estudiantes ENS. 
260 |a Bahía Blanca,  |c 1992. 
300 |a 23'. 
500 |a En soporte VHS, consultar en ventanilla. 
520 |a Video preparado por los alumnos de 5º B Normal 1992. Escuela: presentación. Participación de los profesores W.Giménez y G.Asteinza. Imágenes de la ciudad, U.N.S., Barrio Inglés, Parque de Mayo, Plaza Rivadavia, Petroquímica. 
538 |a Soporte: VHS - Norma: Pal N - Color - 5º B Normal 1992 - Hitachi=4285 
110 2 |a Estudiantes ENS. 
082 6 5 |/ DRD-3 
653 |a BAHIA BLANCA-EMUNS 
653 |a BAHIA BLANCA-URBANISMO 
653 |a ESCUELA NORMAL SUPERIOR 
653 |a VIAJE DE ESTUDIOS 
653 |a RECREACION 
653 |a NIVEL SECUNDARIO 
859 |a CEMS  |b BIB. CEMS - Depto. Recursos Didacticos  |h 657  |i DRD-3  |k DRD  |p 738.12  |t Ej.1